[Event "GER-ch"]
[Site "Bad Neuenahr"]
[Date "1991.??.??"]
[Round "1"]
[White "Hickl, Joerg"]
[Black "Boensch, Uwe"]
[Result "0-1"]
[WhiteElo "2480"]
[BlackElo "2470"]
[Annotator "Ftacnik,L"]
[PlyCount "78"]
[EventDate "1991.06.??"]
[EventType "tourn"]
[EventRounds "15"]
[EventCountry "GER"]
[EventCategory "7"]
[SourceTitle "CBM 024"]
[Source "ChessBase"]
[SourceDate "1991.10.01"]
[SourceVersion "1"]
[SourceVersionDate "1991.10.01"]
[SourceQuality "1"]

1. g3 d5 2. Bg2 Nf6 3. Nf3 c5 4. c4 e6 5. O-O Nc6 6. b3 Be7 7. Bb2 O-O 8. cxd5
exd5 9. d4 Ne4 10. Nc3 Bf6 11. Na4 b6 (11... b5 $2 12. Nxc5 Nxc5 13. Rc1 $16)
12. Rc1 Ba6 13. dxc5 Bxb2 14. Nxb2 bxc5 15. Na4 Re8 16. Re1 c4 17. Nd2 Qf6 $1
18. Nxe4 dxe4 19. bxc4 Rad8 20. Qb3 Nd4 21. Qa3 Bb7 (21... Rc8 22. Nc5 Qd6 23.
Qxa6 Qxc5 24. e3 Nf3+ 25. Bxf3 exf3 26. Qb5 Re7 27. Qxc5 Rxc5 28. Red1 $16 {
Akopian,V-Miljanovic,B/Niksic/1991/ ->CBM 24}) 22. Nc3 e3 $1 23. f3 (23. fxe3
Bxg2 24. Kxg2 (24. exd4 Bh3 25. e3 Qf3 $17) 24... Rxe3 $40) (23. f4 $5) 23...
a6 24. Qa5 Rc8 25. Nd5 Bxd5 26. Qxd5 Rcd8 27. Qa5 Rb8 28. Qa4 Red8 29. c5 (29.
Qa3 $5) 29... Rb2 30. Qc4 Rc8 31. Bf1 h5 32. Qd3 h4 33. c6 (33. Qxe3 Nc2 $17)
33... hxg3 34. hxg3 Rxc6 35. Rxc6 Nxc6 36. Qxa6 (36. Qxe3 Rxa2 $17) 36... g6
37. Rc1 Qg5 38. Qc8+ (38. Qxc6 Qxg3+ 39. Bg2 (39. Kh1 Qh4+ (39... Rb4 40. Rc4
Rb1 41. Rc1 Rb4 $10) 40. Kg1 Qg3+ $10) 39... Rxe2 40. Qc8+ Kg7 41. Qh3 Re1+ $10
) 38... Kg7 39. Qc7 (39. Qh3 $22 Nd4 40. Rc8) 39... Ne5 $13 {Time; Ftacnik,L} (
39... Ne5 $13 40. Kg2 Nxf3 $2 41. Qc3+) 0-1

[Event "Lyon zt"]
[Site "Lyon"]
[Date "1990.??.??"]
[Round "3"]
[White "Brenninkmeijer, Joris"]
[Black "Piket, Jeroen"]
[Result "1-0"]
[WhiteElo "2475"]
[BlackElo "2495"]
[Annotator "Ftacnik,L"]
[PlyCount "123"]
[EventDate "1990.04.??"]
[EventType "tourn"]
[EventRounds "13"]
[EventCountry "FRA"]
[EventCategory "8"]
[SourceTitle "CBM 018"]
[Source "ChessBase"]
[SourceDate "1990.10.01"]
[SourceVersion "1"]
[SourceVersionDate "1990.10.01"]
[SourceQuality "1"]

1. d4 d5 2. c4 e6 3. Nc3 c5 4. cxd5 exd5 5. Nf3 Nc6 6. g3 Nf6 7. Bg2 Be7 8. O-O
O-O 9. dxc5 Bxc5 10. Bg5 d4 11. Bxf6 Qxf6 12. Nd5 Qd8 13. Nd2 Re8 14. Rc1 Bb6
15. Nf4 Bg4 16. Re1 $6 (16. Ne4) (16. h3) 16... Bc7 $2 (16... d3 $1 17. Nf3 (
17. Bf3 Bxf3 18. Nxf3 dxe2 19. Rxe2 Qxd1+ 20. Rxd1 Rxe2 21. Nxe2 Re8 $15) (17.
Nxd3 Bxe2 18. Rxe2 Qxd3 19. Rxe8+ Rxe8 20. Bxc6 bxc6 21. Rxc6 $2 Qd4 $1 $17) (
17. Rxc6 $2 bxc6 18. Bxc6 dxe2 19. Nxe2 Qf6 $19) 17... dxe2 18. Rxe2 Qxd1+ 19.
Rxd1 Rxe2 20. Nxe2 Re8 $15) 17. Nd3 Qe7 18. Nb3 h5 19. Qd2 h4 20. Nbc5 h3 (
20... Ne5 21. Bxb7 Rab8 $14) 21. Bh1 Ne5 22. Bxb7 Rab8 23. Bh1 Bd6 24. b4 a5
25. a3 axb4 26. axb4 Qa7 27. Nxe5 Bxe5 28. Qg5 Bc8 29. Nd3 Bf6 30. Qf4 Ba6 31.
Ra1 Qb6 32. Nc5 Bb5 33. Rab1 Bc6 (33... Red8 34. Qg4 {x h3}) 34. Qd6 Bxh1 35.
Qxb6 Rxb6 36. Kxh1 Rb5 37. Nd3 $18 Rc8 38. Rb2 Rc3 39. Kg1 g5 40. Kf1 Be7 41.
Reb1 f5 42. Ke1 Kf7 43. Kd1 Ke6 44. Rc2 Kd5 45. Ra2 (45. Rxc3 dxc3 46. Kc2 Kc4)
45... Bd6 46. Ra8 f4 47. gxf4 Bxf4 48. Rh8 Bxh2 49. Rxh3 Bd6 50. Rh6 Ra3 51.
Rg6 Bf4 52. Ke1 Ra2 53. Rd1 Ke4 54. Rf6 Be5 55. Re6 g4 56. Rb1 Kf5 57. Rxe5+
Rxe5 58. Nxe5 Kxe5 59. b5 g3 60. fxg3 d3 61. exd3 Rg2 62. Rb3 {Ftacnik,L} 1-0

[Event "Salamanca"]
[Site "Salamanca"]
[Date "1991.??.??"]
[Round "2"]
[White "Spassky, Boris Vasilievich"]
[Black "Martin Gonzalez, Angel"]
[Result "1-0"]
[WhiteElo "2560"]
[BlackElo "2445"]
[Annotator "Ftacnik,L"]
[PlyCount "69"]
[EventDate "1991.04.??"]
[EventType "tourn"]
[EventRounds "11"]
[EventCountry "ESP"]
[EventCategory "10"]
[SourceTitle "CBM 023"]
[Source "ChessBase"]
[SourceDate "1991.08.01"]
[SourceVersion "1"]
[SourceVersionDate "1991.08.01"]
[SourceQuality "1"]

1. d4 d5 2. c4 e6 3. Nc3 c5 4. cxd5 exd5 5. Nf3 Nc6 6. g3 Nf6 7. Bg2 Be7 8. O-O
O-O 9. Bg5 cxd4 10. Nxd4 h6 11. Be3 Re8 12. Rc1 Bg4 13. h3 Be6 14. Qa4 Bd7 (
14... Qd7) 15. Rfd1 Nb4 16. Qb3 a5 17. Nxd5 $5 (17. a4 Rc8 18. Ndb5 Be6 19. Bd4
$13) 17... Nfxd5 (17... a4 18. Nxe7+ (18. Nxf6+ gxf6 19. Qc4 Rc8) 18... Qxe7
19. Qa3 $16) 18. Bxd5 Nxd5 (18... a4 19. Bxf7+ Kh8 (19... Kf8 20. Ne6+ Bxe6 21.
Qxe6 $18) 20. Qc3 $18) 19. Qxd5 Bxh3 20. Qxb7 Qb8 (20... Rb8 21. Qh1 $1 Bd7 22.
Nc6 Bxc6 23. Rxd8 Bxh1 24. Rxe8+ Rxe8 25. Kxh1 $18) 21. Qf3 Ra6 (21... Qxb2 $2
22. g4 $18) 22. b3 (22. g4 $2 Bxg4 23. Qxg4 Rg6 $19) 22... Ba3 (22... Rf6 23.
Qh5 $16) 23. Bf4 Qa8 (23... Qd8 24. Nb5) 24. Qxa8 Raxa8 25. Rc4 Bb2 26. Rd2
Bxd4 27. Rcxd4 Rec8 28. f3 Be6 29. Kf2 a4 (29... Rc6 $16) 30. b4 a3 $6 31. b5
$1 Rc5 32. Rb4 Ra5 33. b6 Rcb5 34. Rdd4 Bxa2 35. b7 {Ftacnik,L} (35. b7 Rxb7
36. Rxb7 Be6 37. Rb1 a2 38. Ra1 $18) 1-0

[Event "Linares 08th"]
[Site "Linares"]
[Date "1990.??.??"]
[Round "2"]
[White "Beliavsky, Alexander G"]
[Black "Illescas Cordoba, Miguel"]
[Result "0-1"]
[WhiteElo "2640"]
[BlackElo "2530"]
[Annotator "Ftacnik,L"]
[PlyCount "84"]
[EventDate "1990.02.??"]
[EventType "tourn"]
[EventRounds "11"]
[EventCountry "ESP"]
[EventCategory "16"]
[SourceTitle "CBM 017"]
[Source "ChessBase"]
[SourceDate "1990.08.01"]
[SourceVersion "1"]
[SourceVersionDate "1990.08.01"]
[SourceQuality "1"]

1. d4 d5 2. c4 e6 3. Nc3 c5 4. cxd5 exd5 5. Nf3 Nc6 6. g3 Nf6 7. Bg2 Be7 8. O-O
O-O 9. Bg5 cxd4 10. Nxd4 h6 11. Be3 Re8 12. Qc2 Bg4 13. h3 Bd7 (13... Be6 14.
Rad1 Rc8 15. Kh2 Bb4 $10 {Adorjan,A-Tarjan,J/Indonesia/1983/}) 14. Rad1 (14.
Rfd1 Bf8 15. Nxd5 Nxd5 16. Bxd5 Rxe3 17. fxe3 Qg5 $132) 14... Qc8 $1 15. Kh2
Bf8 16. Rfe1 $2 (16. Nxc6 bxc6 $10) 16... Re5 $1 17. Rh1 $8 (17. Nxc6 bxc6 18.
Bd4 Rh5 19. Bxf6 Bxh3 20. Bh4 (20. Bf3 Bg2+ $1) 20... Rxh4 $1 21. gxh4 Bd6+ $19
) 17... Rh5 $1 18. Kg1 Bxh3 19. Bf3 Re5 (19... Bg4 20. Rxh5 Bxh5 21. Bxh5 Nxh5
22. Nf3 $10) 20. Nxc6 bxc6 (20... Rxe3 $1 21. fxe3 bxc6 $17 {Ljubojevic,
Beliavsky}) 21. Bd4 Bf5 $1 22. e4 Rxe4 23. Nxe4 Nxe4 24. Qe2 c5 $1 25. Be3 Qe6
26. Kg2 d4 $6 (26... Re8 27. Qb5 g5 $1 $17) 27. Bc1 Re8 28. Qb5 a6 (28... g5 $5
) 29. Qb7 Qxa2 30. Rde1 $1 Nd6 (30... Qe6 31. Rh4 $1) 31. Qb6 Rc8 32. Bf4 $1
Nc4 33. Qb7 Qxb2 34. Qd5 Qc2 35. Re2 Nb6 36. Qb7 Qb3 37. Rhe1 Qb5 $1 38. Bc1
Nc4 39. Qd5 Bd7 (39... Bg6 $5) 40. Re7 $1 Bxe7 41. Rxe7 Be8 42. Be4 $2 (42. Bf4
$1 $132) 42... Kf8 {Ftacnik,L} (42... Kf8 43. Rb7 Qc6 44. Qf5 Qxe4+ $1 45. Qxe4
Bc6 $19) 0-1

[Event "RUS-ch KO"]
[Site "Moscow"]
[Date "1999.12.16"]
[Round "1.2"]
[White "Lastin, Alexander"]
[Black "Potkin, Vladimir"]
[Result "1-0"]
[WhiteElo "2552"]
[BlackElo "2478"]
[Annotator "Ftacnik,L"]
[PlyCount "131"]
[EventDate "1999.12.04"]
[EventType "k.o."]
[EventRounds "6"]
[EventCountry "RUS"]
[SourceTitle "CBM 075"]
[Source "ChessBase"]
[SourceDate "2000.04.05"]
[SourceVersion "1"]
[SourceVersionDate "2000.04.05"]
[SourceQuality "1"]

1. d4 d5 2. c4 e6 3. Nf3 c5 4. cxd5 exd5 5. g3 Nf6 6. Bg2 Be7 7. O-O O-O 8. Nc3
Nc6 9. Bg5 cxd4 10. Nxd4 h6 11. Be3 Bg4 12. Qa4 Qd7 13. Bxd5 $5 {White can win
the pawn, but his winning chances are not especially high due to the absence
of the bishop from g2.} Nxd5 14. Nxd5 Bd8 15. Nxc6 bxc6 16. Nc3 Bb6 17. Rfd1
Qc8 18. Bxb6 axb6 19. Qf4 Be6 20. b3 (20. Rd6 b5 21. a3 $16) 20... Qb7 21. Rac1
c5 22. Rd2 Ra3 (22... Rfd8 23. Rcd1 $16) 23. Nb5 Ra5 24. Nc7 Bh3 25. f3 (25. e4
f5 26. Nd5 fxe4 27. Qxe4 $16) 25... Rc8 26. Nd5 Be6 27. Rcd1 Raa8 $2 {Black
has much tougher defense with counterplay offering more chances for a draw.} (
27... Bxd5 28. Rxd5 Rxa2 $2 29. Rd8+ Rxd8 30. Rxd8+ Kh7 31. Qf5+ g6 32. Qf6 $18
) (27... b5 $5 28. e4 (28. Nc3 b4 29. Ne4 Qa7) 28... Qa7 $14) 28. e4 b5 29. Qe5
Bxd5 (29... c4 30. bxc4 bxc4 31. Nf4 $14) 30. exd5 c4 31. bxc4 bxc4 32. Kg2 c3
33. Rc2 Ra5 (33... Ra3 34. d6 Qd7 35. Rd3 $16) 34. Qd4 Rd8 (34... Rcc5 35. d6
Rd5 36. Qxc3 Rxd1 37. Qxa5 Rxd6 38. Qf5 $16) 35. d6 Ra6 (35... Ra3 36. Qc5 Qa6
37. Qc7 $18) 36. d7 Ra7 37. Qxc3 Rxd7 38. Rxd7 Qxd7 39. Rd2 (39. Qc8+ Qxc8 40.
Rxc8+ Kh7 41. Rc2 Kg6 $16) 39... Qe7 $6 (39... Qe8 40. Qd4 $16) 40. a4 $1 {
After this pawn will slowly, but steadily march onwards. The important part is
the support from behind, what turns the blocking into an ungrateful task.} Kh7
(40... Rxa4 41. Qc8+ Kh7 42. Qc2+ $18) 41. a5 Qg5 (41... Qe1 42. Qd3+ g6 43.
Qd5 Re7 44. Rf2 $16) 42. Ra2 Qb5 43. Qc2+ g6 (43... Kg8 44. a6 $1 Rxa6 $140 $2
45. Qc8+ $18) 44. Qa4 Qa6 (44... Qxa4 45. Rxa4 $18) 45. Qd4 Rb7 (45... Qe6 46.
Ra4 Ra6 47. Qd2 $16) 46. Qd5 Ra7 47. g4 Re7 48. h4 Qa7 (48... Re2+ 49. Kg3 $16)
49. Qd1 (49. a6 Re1 50. Qb7 Qg1+ 51. Kh3 Qf1+ 52. Kg3 Qc4 53. Rf2 $18) 49...
Re5 (49... Qa6 50. Qf1 Qe6 51. Ra1 $16) 50. a6 h5 51. Qg1 Qa8 (51... Re7 52.
Qxa7 Rxa7 53. Kg3 $18) 52. Qd4 Rd5 (52... Re6 53. Qd7 Rxa6 54. Qxf7+ Kh8 55.
Re2 $18) 53. Qf6 Qa7 54. gxh5 Rxh5 (54... gxh5 55. Kh2 $18) (54... Rd1 55.
hxg6+ fxg6 56. Rf2 Rb1 57. h5 Rb6 58. hxg6+ Kh6 59. Qh4+ Kxg6 60. Kh2 $18) 55.
Qf4 Rf5 56. Qg3 Rd5 57. Qf2 Rd7 (57... Rc5 $2 58. Qxc5 Qxc5 59. a7 $18) (57...
Qa8 58. a7 $18) 58. Qxa7 Rxa7 59. Kg3 {Without queens the winning plan is very
easy. Black king is unable to protect both flanks.} Kh6 60. Ra5 f5 61. Kf4 Kh5
62. Ra1 Kh6 (62... Kxh4 $2 63. Rh1#) 63. Ra4 Kh5 64. Ke5 Re7+ 65. Kd6 Ra7 66.
Kc6 (66. Kc6 f4 67. Kb6 Ra8 68. Rxf4 $18) 1-0

[Event "Skopje op 18th"]
[Site "Skopje"]
[Date "2002.01.17"]
[Round "3"]
[White "Onischuk, Alexander"]
[Black "Stamenkov, Vanco"]
[Result "1-0"]
[WhiteElo "2655"]
[BlackElo "2417"]
[Annotator "Ftacnik,L"]
[PlyCount "99"]
[EventDate "2002.01.15"]
[EventType "swiss"]
[EventRounds "9"]
[EventCountry "MKD"]
[SourceTitle "CBM 088"]
[Source "ChessBase"]
[SourceDate "2002.03.21"]
[SourceVersion "1"]
[SourceVersionDate "2002.03.21"]
[SourceQuality "1"]

1. d4 d5 2. c4 e6 3. Nc3 c5 4. cxd5 exd5 5. Nf3 Nc6 6. g3 Nf6 7. Bg2 Be7 8. O-O
O-O 9. Bg5 c4 10. Ne5 Be6 11. f4 Ng4 12. Nxg4 Bxg4 13. Bxd5 Bxg5 14. fxg5 Qxg5
15. Rf4 Be6 16. Bg2 Rad8 17. Kh1 {[%mdl 4] White is hoping to optimize his
pieces for a support of a center and then to capitalize from it's advance.} (
17. d5 Nb4 18. e4 Nd3 19. Qe2 Nxf4 20. gxf4 Qxf4 21. Rf1 Qe5 22. dxe6 Qc5+ 23.
Qf2 Qxf2+ 24. Rxf2 fxe6 25. Bf1 Rxf2 26. Kxf2 Rd2+ 27. Kg3 Rxb2 28. Bxc4 Kf7 {
1/2-1/2 Vadasz,L-Bock,J/Budapest 1997/ (39)}) 17... Ne7 (17... h6 18. Qg1 Ne7
19. e4 Ng6 20. Raf1 Bg4 21. h4 Qh5 22. R4f2 b5 23. Nd5 Rxd5 24. exd5 Ne7 25. d6
Nf5 26. Rxf5 Bxf5 {1/2-1/2 Salov,V-Lputian,S/Irkutsk 1986/ (29)}) (17... b6 18.
Qg1 Ne7 19. Rd1 b5 20. a3 a5 21. e4 b4 22. Nb1 Bg4 {1/2-1/2 Vera,R-Cranbourne,
C/Buenos Aires 1987/ (22)}) (17... Ne5 18. d5 Bc8 19. Qd4 Ng4 20. h3 Nh6 21.
Kh2 Nf5 22. Qf2 Nd6 23. Qxa7 Rfe8 24. Qd4 Nf5 25. Qf2 Re5 26. e4 Nd6 27. a4 {
1-0 Vadasz,L-Dittmar,P/Gyula 1997/ (40)}) 18. Qg1 (18. Bxb7 Rb8 19. Bg2 Rxb2
20. d5 Bd7 21. Rxc4 Rfb8 22. Qc1 Qxc1+ 23. Rxc1 h5 24. Rc7 Rd8 25. Rxa7 {
1-0 Thesing,M-Bleis,C/Muenster 1987/ (45)}) (18. Qc1 b5 19. Ne4 Qg6 20. Nc5 Bg4
21. Re4 Nd5 22. Re5 Nf6 23. Qe3 Bc8 24. h3 Rfe8 25. Rc1 Qh5 26. Rc3 {1/2-1/2
Sherbakov,R-Egin,V/Omsk 1996/ (26)}) 18... Ng6 (18... Qa5 19. e3 b5 20. Ne4 Ng6
21. Rf2 b4 22. Nc5 Bc8 23. a3 b3 24. Qe1 Qxe1+ 25. Rxe1 Rfe8 26. Rd2 Ne7 27.
Bf1 {1-0 Zayac,E-Chelushkina,I/Moscow 1994/ (67)}) 19. Rff1 b6 {Black has
several methods of getting decent counterplay, one of them is weakening of the
kingside structure.} (19... Qd2 20. d5 Qxb2 (20... Bg4 21. Rad1 Qxb2 22. Qd4
Bc8 23. Qxc4 $14) 21. dxe6 Qxc3 22. exf7+ $14) (19... b5 20. d5 Bxd5 21. Nxd5
Rxd5 22. Bxd5 Qxd5+ 23. Qg2 $14) 20. Rad1 h5 21. e4 h4 (21... Bg4 22. Bf3 f5 $5
$14) 22. Qf2 hxg3 (22... Bg4 23. Bf3 f5 24. e5 $16) 23. Qxg3 Qxg3 (23... Qe7
24. e5 $16) 24. hxg3 Bg4 (24... f6 25. Kg1 Kf7 26. Kf2 Rh8 $13) 25. Rd2 a6 26.
Nd5 b5 (26... Rb8 27. Ne3 $16) 27. Nb4 Rd6 (27... a5 $6 28. Nc6 Rd7 29. a4 c3
30. bxc3 bxa4 31. e5 $16) 28. Nc2 Ne5 (28... Rfd8 29. Rdf2 f6 $11) 29. Ne3 Bc8
(29... Rfd8 $1 30. d5 Bd7 $15) 30. Nd5 Ng6 $6 {A timid move, black could have
had jumped to d3 sqaure with more problems for white.} (30... Nd3 31. Ne7+ (31.
e5 Rd7 32. e6 fxe6 33. Rxf8+ Kxf8 34. Nb6 Rc7 35. Nxc8 Rxc8 $17) 31... Kh7 32.
Bf3 Re8 $11) 31. e5 Rdd8 32. Rfd1 Bb7 (32... Bg4 33. Re1 f6 $5) 33. Nb4 a5 (
33... Bxg2+ 34. Kxg2 a5 35. Nc6 Rc8 (35... Rde8 36. a4 bxa4 37. Rc1 $16) 36. d5
Rfe8 37. Re2 $14) 34. Bxb7 axb4 35. Bf3 Ne7 (35... Rfe8 36. Bc6 c3 37. bxc3
bxc3 38. Rc2 Rxe5 39. Rxc3 $14) 36. d5 Nf5 (36... Ng6 37. Re2 (37. e6 fxe6 38.
Bg4 Kf7 39. dxe6+ Ke7 40. Rd7+ Rxd7 41. Rxd7+ Kf6 42. Rd5 Ne5 $15) 37... Rfe8
38. Rde1 c3 $11) 37. g4 Ne7 $2 {Stamenkov is afraid to pursue active
continuations, now white central pawns are not under fire.} (37... Nh4 $5 38.
Be4 Rfe8 39. Re2 Kf8 40. Bc2 Ra8 $11) 38. Be4 Nc8 (38... c3 39. Rd3 (39. Rc2
Nc6 40. bxc3 bxc3 41. Rxc3 Nxe5 42. g5 $14) 39... cxb2 40. Rb1 $16) 39. d6 Nb6
40. Bc6 c3 41. Re2 (41. bxc3 bxc3 42. Rd4 Nc4 43. Bxb5 Nxe5 44. Rc1 $18) 41...
Nc4 42. bxc3 bxc3 43. Bxb5 Na3 44. Ba4 Rb8 45. Bb3 Rb4 (45... Rfd8 46. Rf1 $18)
46. g5 Rh4+ 47. Rh2 c2 (47... Rg4 48. d7 Rd8 49. e6 $18) 48. Rxh4 cxd1=Q+ 49.
Bxd1 Rc8 50. Bb3 1-0

[Event "POL-ch"]
[Site "Warsaw"]
[Date "2004.05.05"]
[Round "11"]
[White "Jakubowski, Krzysztof"]
[Black "Socko, Bartosz"]
[Result "1-0"]
[WhiteElo "2492"]
[BlackElo "2579"]
[Annotator "Ftacnik,L"]
[PlyCount "129"]
[EventDate "2004.04.24"]
[EventType "tourn"]
[EventRounds "13"]
[EventCountry "POL"]
[EventCategory "12"]
[SourceTitle "CBM 101"]
[Source "ChessBase"]
[SourceDate "2004.07.27"]
[SourceVersion "1"]
[SourceVersionDate "2004.07.27"]
[SourceQuality "1"]

1. d4 Nf6 2. g3 e6 3. Bg2 c5 4. Nf3 cxd4 5. Nxd4 d5 6. O-O Be7 7. c4 O-O 8.
cxd5 exd5 9. Nc3 Nc6 10. b3 Be6 11. Bb2 Qd7 12. Nxc6 {The prexis of Tarrasch
defense has proven, that it might make more sense to swap the knight for
bishop on e6. White has a bishop pair and chances to open up the position to
his benefit.} (12. Nxe6 fxe6 13. Qd2 (13. e4 d4 14. Nb5 e5 15. Rc1 a6 16. Na3
Rad8 17. Nc4 b5 18. Nb6 Qe6 19. Nd5 Nb4 20. Nxe7+ Qxe7 21. a3 Na2 22. Rc6 {
1-0 Sapi,J-Pota,L/Eger 1997/ (29)}) 13... Rad8 14. Rad1 a6 15. a3 (15. Qc1 Bd6
16. Na4 Qe7 17. Qg5 Nd7 18. Qxe7 Bxe7 19. e4 dxe4 20. Bxe4 Nf6 21. Bxc6 bxc6
22. Kg2 Nd5 23. Rfe1 Kf7 {0-1 Davies,N-Erwich,F/Vlissingen 1998/ (55)}) 15...
Ne8 16. e4 d4 17. Ne2 e5 18. Nc1 Nd6 19. Nd3 Qg4 20. f3 Qg6 21. Rde1 Qf7 22.
Bh3 Nb5 23. b4 Qb3 24. Nc1 Qc4 25. Qd3 Qxd3 26. Be6+ Kh8 27. Nxd3 {1-0
Eldridge,M-Cooper,A/Charlottetown 2000/ (36)}) (12. Rc1 Bh3 13. Qd3 (13. Nxc6
bxc6 14. Na4 Bxg2 15. Kxg2 Ne4 16. Bd4 Rfe8 17. Qd3 Rac8 18. Nc5 Bxc5 19. Bxc5
Re6 {1/2-1/2 Haydon,R-Anderton,M/England 2000/ (24)}) 13... Rfd8 14. Rfd1 Bc5
15. Nxc6 bxc6 16. Na4 Be7 17. Bxh3 Qxh3 18. Bxf6 Bxf6 19. Rxc6 h5 20. Qf3 d4
21. Nc5 {1-0 Macek,V-Krmelj,N/Zadar 1995/ (32)}) 12... bxc6 13. Rc1 Rac8 14.
Na4 c5 (14... Bh3 15. Bxf6 Bxf6 16. Nc5 Qg4 17. e4 Rcd8 (17... Qxd1 18. Rfxd1
Bxg2 19. Kxg2 Rfd8 20. Nb7 Rd7 21. Na5 $16) 18. Qxg4 Bxg4 19. Rfe1 Bb2 20. Rc2
Ba3 $11) 15. Bxf6 gxf6 (15... Bxf6 16. Rxc5 (16. Nxc5 Qb5 17. Nxe6 fxe6 18.
Rxc8 Rxc8 19. e4 $14) 16... Qe7 17. b4 $14) 16. e4 dxe4 $6 {Jakubowski must
have been content with this development, black pawns are all isolated.} (16...
d4 17. Nb2 f5 18. Re1 $14) 17. Bxe4 Qxd1 (17... f5 18. Bd3 Rfd8 19. Ba6 Qxd1
20. Rfxd1 Rxd1+ 21. Rxd1 Rc7 22. Nc3 $14) 18. Rfxd1 c4 19. bxc4 Rxc4 (19...
Bxc4 20. Bb7 Ba3 21. Rc3 Bb4 22. Bxc8 Bxc3 23. Ba6 Bxa6 24. Nxc3 $14) 20. Rxc4
Bxc4 21. Rd7 Re8 (21... Bb4 $2 22. Rd4 Rc8 23. Nb2 $18) (21... Ba3 22. Rxa7 $16
) 22. Bd5 Bxd5 23. Rxd5 {[%mdl 4096] The endgame is not pleasant for black,
since white pieces will limit the counterplay and prepare attack on the
kingside.} Bb4 24. Nc5 Re1+ (24... Re2 25. Nd3 Bc3 26. a4 $14) 25. Kg2 Ra1 26.
Nd3 Bd2 (26... Bc3 27. Rc5 Bd4 28. Rc4 Bb6 29. a4 Rd1 30. Nc5 $14) 27. a4 a5 (
27... Rxa4 $2 28. Nb2 $18) 28. h4 Ra3 29. Rd4 Bc3 30. Rc4 Kf8 (30... h5 31. Nf4
Bb4 32. Rc8+ Kh7 33. Rc7 Kg8 34. Nxh5 $16) 31. h5 Kg7 32. Nf4 Bd2 (32... Bb4
33. Nd5 Rxa4 34. Rg4+ Kf8 (34... Kh6 35. Ne3 $1 Kxh5 36. Rg8 Bd2 37. g4+ $18)
35. Nxf6 h6 36. Ng8 $16) 33. Nd5 f5 (33... Kh6 34. Nxf6 Bb4 35. Rc6 Rxa4 36. f4
$18) 34. Rc6 h6 (34... Rxa4 35. Ne7 (35. f4 Re4 36. h6+ Kf8 $13) 35... Re4 36.
Nxf5+ Kf8 37. Kf3 $14) 35. Ne7 $1 {[%mdl 2048] White rook and knight are
perfectly coordinated, the situation is critical for black.} f4 (35... Rxa4 36.
Nxf5+ Kh7 37. f4 $1 Rb4 38. Rc7 $18) 36. Nf5+ Kh7 (36... Kg8 37. Nxh6+ Kf8 38.
Nf5 $18) 37. Rxh6+ Kg8 38. Rd6 $1 f3+ (38... Bb4 39. Rd8+ Kh7 40. g4 $18) 39.
Kh3 Be1 40. Rd8+ Kh7 41. Rf8 $1 Bxf2 (41... Rxa4 42. Rxf7+ Kh8 43. g4 Bxf2 44.
g5 Bc5 45. g6 f2 46. Rh7+ Kg8 47. Nh6+ Kf8 48. g7+ $18) 42. Rxf7+ Kg8 {Socko
must be careful, there are many mating motives possible against his vulnerable
king.} (42... Kh8 43. h6 Rxa4 44. Ne7 Bd4 45. Ng6+ Kg8 46. Re7 f2 47. h7#) 43.
Rg7+ Kh8 (43... Kf8 44. h6 Ra1 45. Rd7 $18) 44. h6 Be3 (44... Bc5 45. Nh4 Rxa4
46. Ng6#) 45. Nxe3 Rxe3 46. Rf7 Kg8 47. Rf6 Kh7 48. Kh4 f2 49. g4 (49. Rxf2
Kxh6 50. Rf4 Kg6 $16) 49... Re6 (49... Re2 50. Kh5 $18) 50. Rxf2 Rxh6+ 51. Kg3
Ra6 52. Rf5 {Black rook is very passive on a file and the chances for survival
remain minimal.} Kg6 53. Rb5 Ra8 54. Rb6+ Kg5 55. Rb5+ Kf6 56. Kf4 Ra7 57. Rb6+
Kg7 58. Kg5 Rc7 59. Rb5 Ra7 60. Kh5 Kh7 61. Rb6 Rc7 (61... Kg7 62. g5 Kh7 63.
g6+ Kg7 64. Rb5 Kg8 65. Kh6 Ra8 66. Rb7 $18) 62. Ra6 Rc5+ 63. g5 Kg7 64. Ra7+
Kf8 65. Kh6 1-0

[Event "Ljubljana Iskra"]
[Site "Ljubljana"]
[Date "1992.??.??"]
[Round "?"]
[White "Farago, Ivan"]
[Black "Magomedov, Magaram"]
[Result "0-1"]
[WhiteElo "2520"]
[BlackElo "2475"]
[Annotator "Ftacnik,L"]
[PlyCount "80"]
[EventDate "1992.??.??"]
[EventType "tourn"]
[EventRounds "11"]
[EventCountry "SLO"]
[EventCategory "8"]
[SourceTitle "CBM 031"]
[Source "ChessBase"]
[SourceDate "1992.12.01"]
[SourceVersion "1"]
[SourceVersionDate "1992.12.01"]
[SourceQuality "1"]

1. d4 d5 2. c4 e6 3. Nf3 c5 4. cxd5 exd5 5. g3 Nf6 6. Bg2 Be7 7. O-O O-O 8. Nc3
Nc6 9. Bg5 cxd4 10. Nxd4 Re8 11. Qa4 Bd7 12. Rad1 h6 13. Bc1 (13. Bxf6 Bxf6 14.
Ndb5 d4 15. Ne4 Be5 16. Nbd6 Bxd6 17. Nxd6 Rxe2 18. Nxb7 Qf6 19. Nc5 Be8 20. b4
Ne5 $132 {Polugajevsky,L-Chandler,M/London/1984/}) (13. Bf4 Bc5 14. Nxc6 bxc6
$6 (14... Bxc6 $1) 15. e4 d4 16. e5 Nd5 17. Nxd5 cxd5 18. Qc2 Rc8 19. Bxd5 Bg4
20. Qg6 Qxd5 21. Qxg4 $16 {Flear,G-Cooper,J/BCF-ch/1988/}) 13... Bc5 14. Nxc6
Bxc6 $1 (14... bxc6 15. Qc2 Bg4 16. Kh1 Qc8 17. Rde1 Rb8 18. e4 d4 19. f3 dxc3
20. fxg4 {0,5-0,5/Bagirov-Petursson,M/Tallin/1981/}) 15. Qc2 Rc8 16. e3 (16.
Ne4 Nxe4 17. Bxe4 Rxe4 18. Qxc5 Ba4 $17) 16... Bb4 17. Qb3 (17. Bd2 Qe7 (17...
d4 18. Bxc6 Rxc6 19. Be1 $1) 18. Qb3 $10) 17... Bxc3 18. bxc3 (18. Qxc3 Bb5 $17
) 18... Qa5 19. Bb2 (19. Ba3 $2 Ba4) 19... a6 (19... Ba4 20. Qa3) 20. Rd4 Bb5
21. Ra1 Bc4 22. Qb4 Qc7 (22... Qxb4 $6 23. cxb4 $14) 23. Ba3 Ne4 24. Qb2 (24.
Bxe4 dxe4 25. Qd6 Qa5 26. Qb4 Qf5 $40) 24... h5 25. Rb1 Qa5 (25... b5 26. Bxe4
Rxe4 27. Rbd1 $15) 26. Rc1 Rc6 27. Rc2 (27. Qxb7 Qxa3 28. Qxc6 Qxc1+ $19) 27...
Qc7 28. Qc1 Qa5 29. Qb2 Qa4 30. Rc1 (30. Qxb7 Qxc2 31. Qxc6 Qb1+ 32. Bf1 Qxf1#)
30... Rf6 31. Rc2 Ng5 (31... Rb6 32. Qxb6 Qxc2 33. Qb2 Qxb2 34. Bxb2 Bxa2 $17)
32. Rf4 (32. Bxd5 Nh3+ 33. Kg2 Bxd5+ 34. Kxh3 (34. Rxd5 Qe4+ 35. Kxh3 Qxd5 $19)
34... Qd7+ 35. Kh4 Re4+ 36. Rxe4 Bxe4 $19) (32. f4 Rxe3 $19) 32... Rxf4 33.
gxf4 Ne4 34. Rc1 Re6 35. Qb4 Qd7 36. Qb2 (36. Qf8+ Kh7 $17) 36... Rg6 37. f3 h4
38. f5 (38. fxe4 h3 39. Rc2 Qg4 40. Qc1 Qf3 $19) 38... Qxf5 39. fxe4 Qf3 40.
Kh1 (40. h3 Be2 $19) 40... Be2 $1 {Ftacnik,L} (40... Be2 41. Rg1 Rxg2 42. Rxg2
Qf1+ 43. Rg1 Bf3+) 0-1